Specification for rubber conveyor and elevator belting. Part IV. Hygenic belting. (First Revision). (Record no. 73606)

MARC details
000 -LEADER
fixed length control field 00402nam a2200133Ia 4500
245 #0 - TITLE STATEMENT
Title Specification for rubber conveyor and elevator belting. Part IV. Hygenic belting. (First Revision).
260 ## - PUBLICATION, DISTRIBUTION, ETC. (IMPRINT)
Year of publication 1978
500 ## - GENERAL NOTE
General note Standard number: IS 1891 Part IV
650 ## - SUBJECT ADDED ENTRY--TOPICAL TERM
Topical Term Conveyor belt
650 ## - SUBJECT ADDED ENTRY--TOPICAL TERM
Topical Term Elevator belt
650 ## - SUBJECT ADDED ENTRY--TOPICAL TERM
Topical Term Hygenic belt
942 ## - ADDED ENTRY ELEMENTS (KOHA)
Koha item type Standards
Holdings
Withdrawn status Lost status Damaged status Not for loan Collection code Home library Current library Date acquired Koha item type
      Standards Indian standards RRII Library RRII Library 31/12/2021 Standards